000
00278nam a22001337a 4500
008
181017b xxu||||| |||| 00| 0 eng d
020
_a
9780030565441
041
_a
eng
080
_a
530
100
_a
43
101
_a
FIZ
245
_a
Physics
_c
Serway,R.A
942
_2
udc
_c
BK
999
_c
50019
_d
50019